Países en su lenguaje - Estadísticas

Estadísticas generales
  • Esta prueba ha sido intentada 33 veces
  • La puntuación promedio es 5 de 16
Estadísticas de respuestas
Hint Respuesta % Correcto
Finlandia Suomi
77%
Alemania Deutschland
69%
Noruega Norge
54%
Polonia Polska
46%
Croacia Hrvatska
42%
Grecia Elláda
31%
Suecia Sverige
31%
Albania Shqipëria
27%
India Bhaarat
23%
Lituania Lietuva
23%
Egipto Misr
19%
Armenia Hayastan
15%
Argelia Aljazayir
0%
Bangladés Bānlādēśa
0%
Bosnia Bosanski
0%
Georgia Sakartvelos
0%
No se encontraron pruebas coincidentes
Distribución de puntuación
Porcentaje de gente con cada puntuación
Porcentaje por número respondido
Historial de tus puntuaciones
No has intentado esta prueba.